WWE Wrestlers - Statistics

General Stats
  • This quiz has been taken 526 times
  • The average score is 46 of 72
Answer Stats
First Name Wrestler % Correct
AJ Styles
96%
Alexa Bliss
93%
Baron Corbin
86%
Jey Uso
85%
Jimmy Uso
85%
Brie Bella
84%
Nikki Bella
84%
Apollo Crews
84%
Charlotte Flair
83%
Jeff Hardy
83%
Matt Hardy
83%
Dolph Ziggler
83%
Dean Ambrose
82%
Kofi Kingston
82%
Kurt Angle
81%
Alicia Fox
81%
Randy Orton
81%
Bo Dallas
80%
Brock Lesnar
80%
Roman Reigns
80%
Seth Rollins
80%
Bray Wyatt
80%
Finn Balor
79%
Samoa Joe
79%
Braun Strowman
79%
John Cena
77%
Kevin Owens
77%
Sasha Banks
76%
Sami Zayn
76%
Jinder Mahal
75%
Mustafa Ali
73%
Chad Gable
73%
Shane McMahon
72%
Mickie James
71%
Nia Jax
70%
Aiden English
69%
Chris Jericho
68%
Xavier Woods
68%
Shinsuke Nakamura
67%
Cedric Alexander
66%
Curtis Axel
65%
Shelton Benjamin
65%
Enzo Amore
64%
Big E Langston
64%
Heath Slater
63%
Karl Anderson
62%
Titus O'Neil
61%
Erick Rowan
61%
Sin Cara
60%
Zack Ryder
60%
Akira Tozawa
60%
Luke H Harper
59%
Luke G Gallows
57%
Mojo Rawley
52%
Curt Hawkins
50%
Jason Jordan
47%
Noam Dar
45%
The Brian Kendrick
41%
Tyler Breeze
38%
Tye Dillinger
37%
Lince Dorado
37%
Gentleman Jack Gallagher
35%
Gran Metalik
33%
TJ Perkins
32%
Ariya Daivari
31%
Rich Swann
29%
Drew Gulak
27%
Tony Nese
25%
Elias Samson
25%
James Ellsworth
23%
Colin Cassady
17%
Bobby Goode
5%
No matching quizzes found
Score Distribution
Percent of People with Each Score
Percentile by Number Answered
Your Score History
You have not taken this quiz